000 05691ncm a2200709 c 4500
999 _c373738
_d373738
003 BLK
005 20200710143433.0
008 180414b bul |a|er|||| |0| c|bulo|
010 _aNOT00002922000
040 _aBLK
041 _aBUL
_cBUL
080 _aМасови песни. Песни на отделни обществени групи
_b784.66
_z784.66
080 _aМаршови песни. Национални химни
_b784.71
_z784.71
139 _aСборник песни
_bС 23
245 1 0 _aСборник песни
_b1300 години България
_cсъстав. Д. Бозаджиева
257 _aBGR
260 _bКомитет за култура
_c1981
_9221228
_aСофия
300 _a130 с.
_c29 см
380 _a7
650 4 _aПесни, патриотични, български
_9316289
653 _aпатриотични песни
700 _aБозаджиева, Донка Николова
_eсъстав.
_91478
852 _aЦб М ІІ 8485
_p34
_bЦб
856 4 _qpdf
_u
856 4 _qpdf
_u
942 _cNOT
_n0
_s1
944 _aCR
_c2020-07-08
_kВ. Т.
999 _d373738